関東地方の鉄道駅なし自治体の役所最寄駅 - Statistics

General Stats
  • This quiz has been taken 3 times
  • The average score is 31 of 59
Answer Stats
都道府県 郡・支庁 市区町村 最寄駅 % Correct
群馬県 多野郡 上野村 下仁田
100%
群馬県 甘楽郡 南牧村 下仁田
100%
東京都 西多摩郡 檜原村 武蔵五日市
100%
東京都 大島支庁 利島村 伊豆急下田
100%
東京都 大島支庁 新島村 伊豆急下田
100%
東京都 大島支庁 神津島村 伊豆急下田
100%
東京都 三宅支庁 三宅村 伊豆急下田
100%
東京都 三宅支庁 御蔵島村 伊豆急下田
100%
東京都 八丈支庁 八丈町 伊豆急下田
100%
東京都 八丈支庁 青ヶ島村 伊豆急下田
100%
東京都 小笠原支庁 小笠原村 伊豆急下田
100%
茨城県 行方市 潮来
67%
茨城県 稲敷郡 美浦村 土浦
67%
栃木県 塩谷郡 那珂川町 烏山
67%
群馬県 吾妻郡 高山村 沼田
67%
群馬県 利根郡 川場村 沼田
67%
群馬県 佐波郡 玉村町 新町
67%
埼玉県 比企郡 鳩山町 越生
67%
千葉県 富里市 芝山千代田
67%
千葉県 香取郡 多古町 芝山千代田
67%
千葉県 長生郡 睦沢町 上総一ノ宮
67%
東京都 西多摩郡 日の出町 武蔵増戸
67%
神奈川県 三浦郡 葉山町 逗子・葉山
67%
神奈川県 愛甲郡 清川村 本厚木
67%
茨城県 坂東市 三妻
33%
茨城県 稲敷市 滑河
33%
茨城県 かすみがうら市 神立
33%
茨城県 神栖市 笹川
33%
茨城県 東茨城郡 茨城町 涸沼
33%
茨城県 東茨城郡 城里町
33%
茨城県 稲敷郡 阿見町 荒川沖
33%
茨城県 稲敷郡 河内町 安食
33%
茨城県 結城郡 八千代町 下妻
33%
茨城県 猿島郡 五霞町 南栗橋
33%
茨城県 猿島郡 境町 南栗橋
33%
茨城県 北相馬郡 利根町 布佐
33%
栃木県 河内郡 上三川町 石橋
33%
栃木県 塩谷郡 塩谷町 矢板
33%
群馬県 北群馬郡 榛東村 八木原
33%
群馬県 北群馬郡 吉岡町 八木原
33%
群馬県 多野郡 神流町 神農原
33%
群馬県 吾妻郡 草津町 羽根尾
33%
群馬県 利根郡 片品村 上牧
33%
群馬県 邑楽郡 千代田町 篠塚
33%
埼玉県 入間郡 三芳町 鶴瀬
33%
埼玉県 比企郡 川島町 北本
33%
埼玉県 比企郡 吉見町 東松山
33%
埼玉県 秩父郡 小鹿野町 白久
33%
埼玉県 秩父郡 東秩父村 竹沢
33%
埼玉県 北葛飾郡 松伏町 大袋
33%
千葉県 山武郡 九十九里町 求名
33%
千葉県 長生郡 白子町 八積
33%
千葉県 長生郡 長柄町 新茂原
33%
千葉県 長生郡 長南町 上総鶴舞
33%
東京都 武蔵村山市 上北台
33%
東京都 大島支庁 大島町 伊豆熱川
33%
神奈川県 綾瀬市 かしわ台
33%
神奈川県 足柄上郡 中井町 下曽我
33%
神奈川県 愛甲郡 愛川町 番田
33%
No matching quizzes found
Score Distribution
Percent of People with Each Score
Percentile by Number Answered
Your Score History
You have not taken this quiz